000 00627cam a22002171 4500
001 sa 65002568
003 DLC
005 20260227112117.0
008 840608s1964 ii s000 0 eng
010 _asa 65002568
035 _a(OCoLC)21645452
040 _aDLC
_cCU
_dDLC
042 _apremarc
043 _aa-ii---
050 0 0 _aHC437.M3
_bA54
110 1 _aMadras (India : State)
245 1 0 _aThird five year plan, Madras State;
_bmid-term review.
260 _a[Madras,
_bPrinted by the Controller of Stationery and Printing]
_c1964.
300 _a137 p.
_c24 cm.
651 0 _aTamil Nadu (India)
_xEconomic policy.
999 _c62696
_d62696